America's families : a documentary history /

Bibliographic Details
Other Authors: Scott, Donald M., Wishy, Bernard W., 1925-
Format: Book
Language:English
Published: New York : Harper & Row, [1982]
Edition:1st ed.
Subjects:

MARC

Tag First Indicator Second Indicator Subfields
LEADER 00000cam a22000008a 4500
001 in00000083420
005 20151008061252.0
008 810223s1982 nyua b 00100 eng
010 |a  79003402  
020 |z 0060140291 
020 |a 0060140488 :  |c $17.50 
020 |a 006090903X (pbk.) 
035 |a (OCoLC)07282616 
035 |9 AAJ7693AM 
039 0 |a 2  |b 3  |c 3  |d 3  |e 3 
040 |a DLC  |c DLC  |d TXA  |d UtOrBLW 
043 |a n-us--- 
049 |a TXAM  |c [802238] 
050 0 0 |a HQ535  |b .A6 1982 
082 0 |a 306.8/0973  |2 19 
245 0 0 |a America's families :  |b a documentary history /  |c Donald M. Scott and Bernard Wishy, editors. 
250 |a 1st ed. 
263 |a 8107 
264 1 |a New York :  |b Harper & Row,  |c [1982] 
264 4 |c ©1982 
300 |a xx, 682 pages :  |b illustrations ;  |c 24 cm. 
336 |a text  |b txt  |2 rdacontent 
337 |a unmediated  |b n  |2 rdamedia 
338 |a volume  |b nc  |2 rdacarrier 
500 |a Includes index. 
504 |a Bibliography: pages 674-676. 
650 0 |a Families  |z United States  |x History  |x Sources. 
700 1 |a Scott, Donald M. 
700 1 |a Wishy, Bernard W.,  |d 1925- 
999 |a MARS 
999 f f |s e0773d70-de8d-3d02-9e30-6e098ff20b49  |i 8d21e12c-39e9-3e72-9320-78347941a255  |t 0 
952 f f |p ric  |a Texas A&M University  |b Rellis Campus  |c Joint Library Facility  |d Remote Storage  |t 0  |e HQ535 .A6 1982  |h Library of Congress classification  |i unmediated -- volume  |m A14806141796 
998 f f |a HQ535 .A6 1982  |t 0  |l Remote Storage